<?xml version="1.0" encoding="UTF-8"?>
<record
    xmlns:xsi="http://www.w3.org/2001/XMLSchema-instance"
    xsi:schemaLocation="http://www.loc.gov/MARC21/slim http://www.loc.gov/standards/marcxml/schema/MARC21slim.xsd"
    xmlns="http://www.loc.gov/MARC21/slim">

  <leader>02250cam a22003738i 4500</leader>
  <controlfield tag="001">22382892</controlfield>
  <controlfield tag="003">EG-ScBUE</controlfield>
  <controlfield tag="005">20240613095637.0</controlfield>
  <controlfield tag="008">220113t2023    paua   f b    001 0 eng d</controlfield>
  <datafield tag="020" ind1=" " ind2=" ">
    <subfield code="a">9781719640473</subfield>
  </datafield>
  <datafield tag="040" ind1=" " ind2=" ">
    <subfield code="a">DNLM/DLC</subfield>
    <subfield code="b">eng</subfield>
    <subfield code="e">rda</subfield>
    <subfield code="c">DLC</subfield>
    <subfield code="d">EG-ScBUE</subfield>
  </datafield>
  <datafield tag="082" ind1="0" ind2="4">
    <subfield code="a">615.82</subfield>
    <subfield code="2">22</subfield>
    <subfield code="b">KIS</subfield>
  </datafield>
  <datafield tag="100" ind1="1" ind2=" ">
    <subfield code="a">Kisner, Carolyn,</subfield>
    <subfield code="e">author.</subfield>
  </datafield>
  <datafield tag="245" ind1="1" ind2="0">
    <subfield code="a">Therapeutic exercise :</subfield>
    <subfield code="b">foundations and techniques /</subfield>
    <subfield code="c">Carolyn Kisner, John Borstad, Lynn Allen Colby.</subfield>
  </datafield>
  <datafield tag="250" ind1=" " ind2=" ">
    <subfield code="a">Eighth edition.</subfield>
  </datafield>
  <datafield tag="264" ind1=" " ind2="1">
    <subfield code="a">Philadelphia, PA :</subfield>
    <subfield code="b">F.A. Davis Company,</subfield>
    <subfield code="c">[2023]</subfield>
  </datafield>
  <datafield tag="264" ind1=" " ind2="4">
    <subfield code="c">c2023</subfield>
  </datafield>
  <datafield tag="300" ind1=" " ind2=" ">
    <subfield code="a">xxxv, 1124 pages :</subfield>
    <subfield code="b">color illustrations ;</subfield>
    <subfield code="c">30 cm</subfield>
  </datafield>
  <datafield tag="336" ind1=" " ind2=" ">
    <subfield code="a">text</subfield>
    <subfield code="b">txt</subfield>
    <subfield code="2">rdacontent</subfield>
  </datafield>
  <datafield tag="337" ind1=" " ind2=" ">
    <subfield code="a">unmediated</subfield>
    <subfield code="b">n</subfield>
    <subfield code="2">rdamedia</subfield>
  </datafield>
  <datafield tag="338" ind1=" " ind2=" ">
    <subfield code="a">volume</subfield>
    <subfield code="b">nc</subfield>
    <subfield code="2">rdacarrier</subfield>
  </datafield>
  <datafield tag="504" ind1=" " ind2=" ">
    <subfield code="a">Includes bibliographical references and index.</subfield>
  </datafield>
  <datafield tag="520" ind1=" " ind2=" ">
    <subfield code="a">"The authors and contributors of this book have continually sought to incorporate current trends and research to support the foundational concepts of therapeutic exercise on which the student can learn, and the practitioner can grow in their expertise of treating patients. In addition to the extensive and thorough revisions of content, the Focus on Evidence and Clinical Tips features, as well as links to video demonstrations of key interventions, are again highlighted in this edition. Whenever applicable, up to date Clinical Practice Guidelines (CPGs) are included within the Focus on Evidence sections. As with previous editions, it is our hope that this updated text will provide a resource for learning and professional growth for the students and health-care practitioners who utilize therapeutic exercise"--</subfield>
    <subfield code="c">Provided by publisher.</subfield>
  </datafield>
  <datafield tag="650" ind1=" " ind2="7">
    <subfield code="a">Exercise Therapy.</subfield>
    <subfield code="2">BUEsh</subfield>
  </datafield>
  <datafield tag="650" ind1=" " ind2="7">
    <subfield code="a">Physical Therapy Modalities.</subfield>
    <subfield code="2">BUEsh</subfield>
  </datafield>
  <datafield tag="653" ind1=" " ind2=" ">
    <subfield code="c">June2024</subfield>
    <subfield code="b">PT</subfield>
  </datafield>
  <datafield tag="655" ind1=" " ind2=" ">
    <subfield code="v">Reading book</subfield>
  </datafield>
  <datafield tag="700" ind1="1" ind2=" ">
    <subfield code="a">Borstad, John,</subfield>
    <subfield code="e">author.</subfield>
  </datafield>
  <datafield tag="700" ind1="1" ind2=" ">
    <subfield code="a">Colby, Lynn Allen,</subfield>
    <subfield code="e">author.</subfield>
  </datafield>
  <datafield tag="776" ind1="0" ind2="8">
    <subfield code="i">Online version:</subfield>
    <subfield code="a">Kisner, Carolyn.</subfield>
    <subfield code="t">Therapeutic exercise</subfield>
    <subfield code="b">Eighth edition.</subfield>
    <subfield code="d">Philadelphia, PA : F.A. Davis, [2023]</subfield>
    <subfield code="z">9781719640480</subfield>
    <subfield code="w">(DLC) 2022001574</subfield>
  </datafield>
  <datafield tag="906" ind1=" " ind2=" ">
    <subfield code="a">0</subfield>
    <subfield code="b">vip</subfield>
    <subfield code="c">orignew</subfield>
    <subfield code="d">1</subfield>
    <subfield code="e">ecip</subfield>
    <subfield code="f">20</subfield>
    <subfield code="g">y-gencatlg</subfield>
  </datafield>
  <datafield tag="942" ind1=" " ind2=" ">
    <subfield code="2">ddc</subfield>
    <subfield code="c">BB</subfield>
  </datafield>
  <datafield tag="999" ind1=" " ind2=" ">
    <subfield code="c">30780</subfield>
    <subfield code="d">30751</subfield>
  </datafield>
  <datafield tag="952" ind1=" " ind2=" ">
    <subfield code="0">0</subfield>
    <subfield code="1">0</subfield>
    <subfield code="2">ddc</subfield>
    <subfield code="4">0</subfield>
    <subfield code="7">0</subfield>
    <subfield code="8">Baccah</subfield>
    <subfield code="a">MAIN</subfield>
    <subfield code="b">MAIN</subfield>
    <subfield code="c">1ST</subfield>
    <subfield code="d">2024-06-13</subfield>
    <subfield code="e">Purchase</subfield>
    <subfield code="g">5551.00</subfield>
    <subfield code="h">38282</subfield>
    <subfield code="l">0</subfield>
    <subfield code="o">615.82 KIS</subfield>
    <subfield code="p">000057136</subfield>
    <subfield code="r">2025-07-15 00:00:00</subfield>
    <subfield code="v">6939.00</subfield>
    <subfield code="w">2024-06-13</subfield>
    <subfield code="y">BB</subfield>
  </datafield>
  <datafield tag="952" ind1=" " ind2=" ">
    <subfield code="0">0</subfield>
    <subfield code="1">0</subfield>
    <subfield code="2">ddc</subfield>
    <subfield code="4">0</subfield>
    <subfield code="7">0</subfield>
    <subfield code="8">Baccah</subfield>
    <subfield code="a">MAIN</subfield>
    <subfield code="b">MAIN</subfield>
    <subfield code="c">1ST</subfield>
    <subfield code="d">2025-05-13</subfield>
    <subfield code="e">Purchase</subfield>
    <subfield code="g">5551.00</subfield>
    <subfield code="h">39224</subfield>
    <subfield code="l">0</subfield>
    <subfield code="o">615.82 KIS</subfield>
    <subfield code="p">000057348</subfield>
    <subfield code="r">2025-07-15 00:00:00</subfield>
    <subfield code="v">6938.75</subfield>
    <subfield code="w">2025-05-13</subfield>
    <subfield code="y">BB</subfield>
  </datafield>
  <datafield tag="952" ind1=" " ind2=" ">
    <subfield code="0">0</subfield>
    <subfield code="1">0</subfield>
    <subfield code="2">ddc</subfield>
    <subfield code="4">0</subfield>
    <subfield code="7">0</subfield>
    <subfield code="8">Baccah</subfield>
    <subfield code="a">MAIN</subfield>
    <subfield code="b">MAIN</subfield>
    <subfield code="c">1ST</subfield>
    <subfield code="d">2025-05-13</subfield>
    <subfield code="e">Purchase</subfield>
    <subfield code="g">5551.00</subfield>
    <subfield code="h">39224</subfield>
    <subfield code="l">0</subfield>
    <subfield code="o">615.82 KIS</subfield>
    <subfield code="p">000057350</subfield>
    <subfield code="r">2025-07-15 00:00:00</subfield>
    <subfield code="v">6935.75</subfield>
    <subfield code="w">2025-05-13</subfield>
    <subfield code="y">BB</subfield>
  </datafield>
</record>
